Τουρισμός στο διάστημα : μεταπτυχιακή εργασία
Saved in:
| Main Author: | |
|---|---|
| Corporate Author: | |
| Other Authors: | |
| Format: | Thesis Book |
| Language: | Greek |
| Published: |
2002
|
| Subjects: | |
| Tags: |
Add Tag
No Tags, Be the first to tag this record!
|
MARC
| LEADER | 00000cam a2200000 i 4500 | ||
|---|---|---|---|
| 001 | 1/31042 | ||
| 008 | 030127s2002 gre d | ||
| 035 | |l 10069088 | ||
| 040 | |a GR-MY-UA |b gre |e aacr | ||
| 041 | 0 | |a gre | |
| 082 | 0 | |a 338.4791 |2 (22) | |
| 100 | 1 | |a Στεφανόπουλος, Κώστας. | |
| 245 | 1 | 0 | |a Τουρισμός στο διάστημα : |b μεταπτυχιακή εργασία / |c Στεφανόπουλος Κώστας ; επιβλέπων: Τσάρτας Π. |
| 260 | |c 2002 | ||
| 300 | |a 62 σ.; |b εικ.; |c 30 εκ. | ||
| 502 | # | # | |a Διατριβή (μεταπτυχιακή) – Πανεπιστήμιο Αιγαίου, Χίος, 2001. |
| 504 | |a Περιλαμβάνει βιβλιογραφία | ||
| 610 | 2 | 0 | |a Πανεπιστήμιο Αιγαίου. |
| 650 | 0 | 0 | |a Space flight. |
| 650 | 0 | 0 | |a Tourism. |
| 650 | 0 | 0 | |a Interplanetary voyages. |
| 650 | 0 | 0 | |a Interstellar travel. |
| 650 | 0 | 0 | |a Dissertations, Academic |z Greece. |
| 700 | 1 | |a Τσάρτας, Πάρις, |d 1956- |4 ths | |
| 710 | 2 | |a Πανεπιστήμιο Αιγαίου |b Σχολή Επιστημών της Διοίκησης |b Τμήμα Διοίκησης Επιχειρήσεων |b Πρόγραμμα Μεταπτυχιακών Σπουδών "Σχεδιασμός, Διοίκηση και Πολιτική του Τουρισμού". | |
| 852 | |a INST |b CHIOS |c DIATR |e 20030127 |h 338.4791 ΣΤΕ |p 005200013529 |q 005200013529 |t MTXE |y 23 | ||
| 901 | |a BIBL2-2003-1 | ||
| 901 | |a BIBL2-2005-3 | ||
| 909 | |a Χ |b 102715 | ||
| 924 | |a ΣΤΕΦΑΝΟΠΟΥΛΟΣ |b ΚΩΣΤΑΣ |y ΧΙΟΣ |z 2003-01 | ||
| 970 | |a ΧΑΖΙΡΗ |b ΑΝΝΑ |z 2003/01/27 | ||